| 000 | 01024nam a22002537a 4500 | ||
|---|---|---|---|
| 005 | 20240530110938.0 | ||
| 008 | 221019s2021 ua ahf f b 000 0 ara d | ||
| 017 |
_a2021/16249 _bمصر. دار الكتب |
||
| 020 | _a9789776809567 | ||
| 040 |
_aEG-CaGPL _cEG-CaGPL |
||
| 082 | 0 | 4 |
_221 _a738.0953/ _bن ت |
| 100 | 0 | _aنادية على فاضل | |
| 245 | 1 | 2 |
_aالتحف الخزفية الاسلامية للقبيلة الذهبية بمتحف ازوف للاثار والحفريات بروسيا / _cاعداد نادية على فاضل |
| 250 | _aالاولى | ||
| 260 |
_aالقاهرة : _bمكتبة زهراء الشرق ، _c2021. |
||
| 300 |
_a221 ص. : _bايض ؛ _c24 سم. |
||
| 504 | _aيشتمل على ارجاعات ببليوجرافية | ||
| 650 | 0 | 7 |
_2qrmak _aالفنون الخزفية |
| 650 | 0 | 7 |
_2qrmak _aالخزف الاسلامى |
| 650 | 0 | 7 |
_2qrmak _aالخزف الاسلامى _zروسيا |
| 651 | _2qrmak | ||
| 942 |
_2ddc _cBK |
||
| 999 |
_c66767 _d66767 |
||